[Event "DSOL 01 Liga Gr-B 1st"]
[Site "Playchess.com INT"]
[Date "2020.07.15"]
[Round "4.1"]
[White "Tonndorf, Matthias"]
[Black "Boder, Jan"]
[Result "0-1"]
[WhiteElo "2143"]
[BlackElo "2160"]
[PlyCount "74"]
[EventDate "2020.06.22"]
[EventType "team-tourn (rapid)"]
[EventCountry "GER"]
[SourceTitle "EXT 2021"]
[Source "ChessBase"]
[SourceDate "2020.10.23"]
[SourceVersion "1"]
[SourceVersionDate "2020.10.23"]
[SourceQuality "1"]
[WhiteTeam "Hameln"]
[BlackTeam "Kastellaun"]
[WhiteTeamCountry "GER"]
[BlackTeamCountry "GER"]

1. e4 c5 2. Nf3 g6 3. Bc4 Nc6 4. 0-0 Bg7 5. Re1 e6 6. c3 Nge7 7. d4 cxd4 8. cxd4 d5 9. exd5 exd5 10. Bb3 0-0 11. h3 b5 12. Nc3 a6 13. Bg5 h6 14. Bf4 Be6 15. Rc1 Rc8 16. Ne5 Qb6 17. Nxc6 Rxc6 18. Be5 Rfc8 19. Bxg7 Kxg7 20. Qd2 Nf5 21. Ne2 Nd6 22. Rxc6 Rxc6 23. Nf4 Ne4 24. Rxe4 dxe4 25. d5 Qd8 26. Qe3 Bxd5 27. Bxd5 Rd6 28. Qxe4 Qf6 29. b4 Rd7 30. Bb3 Rd4 31. Ne6+ fxe6 32. Qb7+ Qf7 33. Qxa6 Re4 34. f3 Re1+ 35. Kf2 Re5 36. Qd6 Qf6 37. Qc5 Rxc5 0-1

[Event "Graz op-A"]
[Site "Graz"]
[Date "2020.02.16"]
[Round "3"]
[White "Kosakowski, Jakub"]
[Black "Tonndorf, Matthias"]
[Result "1-0"]
[WhiteElo "2413"]
[BlackElo "2193"]
[PlyCount "109"]
[EventDate "2020.02.14"]
[EventType "swiss"]
[EventRounds "9"]
[EventCountry "AUT"]
[SourceTitle "CBM 195 Extra"]
[Source "ChessBase"]
[SourceDate "2020.05.31"]
[SourceVersion "1"]
[SourceVersionDate "2020.05.31"]
[SourceQuality "1"]

1. e4 c5 2. Nf3 e6 3. d4 cxd4 4. Nxd4 a6 5. Bd3 g6 6. 0-0 Bg7 7. Nb3 Ne7 8. c4 Nbc6 9. Nc3 0-0 10. Be2 f5 11. c5 Bxc3 12. bxc3 fxe4 13. Qc2 Nd5 14. c4 Nf4 15. Qxe4 Qf6 16. g3 Nxe2+ 17. Qxe2 a5 18. Bb2 Qf3 19. Qd2 e5 20. Rae1 a4 21. Nc1 Re8 22. Re3 Qf7 23. Nd3 Qxc4 24. Nxe5 Nxe5 25. Bxe5 d5 26. Bd4 Bf5 27. Rfe1 Re4 28. Rxe4 Bxe4 29. f3 Qd3 30. Qxd3 Bxd3 31. Re7 h5 32. a3 Kf8 33. Rxb7 Re8 34. Bc3 Re3 35. c6 Bf5 36. Bb4+ Kg8 37. Rb8+ Kf7 38. c7 Re8 39. Rd8 Be6 40. h4 Rg8 41. Kf2 Re8 42. Bc5 Bc8 43. Rxd5 Ba6 44. Rd7+ Kg8 45. Rd8 Kf7 46. g4 Bc8 47. Kg3 Rg8 48. Kf4 hxg4 49. Rxg8 Kxg8 50. fxg4 Kf7 51. Kg5 Kg7 52. Bd4+ Kh7 53. h5 gxh5 54. gxh5 Bd7 55. h6 1-0